000 00697nam a2200289Ia 4500
005 20260324122134.0
008 008 260324s9999 xx 000 0 eng d
020 _a9780203387726
037 _aEBOOK
040 _aCRL
040 _beng
040 _cCRL
041 _2eng
041 _aeng
084 _qCRL
100 _aTony Wall
_91165269
245 0 _aPublic-Private Partnerships in the USA
245 0 _bLessons to be Learned for the United Kingdom
260 _bTaylor and Francis
260 _c2013
365 _a
365 _b240
856 _uhttp://www.taylorfrancis.com/books/9780203387726
942 _cEBOOK
999 _c1757786
_d1757786